Culture Générale - érie 2598 - Statistiques

Statistiques générales
  • Ce quiz a été pris 122 fois
  • Le résultat moyen est 4 sur 10
Statistiques - réponses
Question Réponse % Correct
Dans quel pays se trouve la ville de Donetsk ? Ukraine
92%
De quel pays le pygargue à tête blanche est-il le symbole ? Etats Unis
55%
Comment s'appelait la caravelle de Christophe Colomb ? Santa Maria
54%
Animal également appelé porc sauvage , cochon sauvage africain, sanglier des savanes phacochère
53%
Dans quelle ville française le Louvre a-t-il ouvert un musée hors Paris en 2012 ? Lens
51%
Quelle espèce d'oiseau est le balbuzard ? rapace
44%
Dans quel département français se trouve le site archéologique de l'oppidum gaulois d'Alésia ? Côte d'Or
22%
Fourrure d'agneau vivant en Russie d'Asie, dans les provinces d'Afghanistan, de Boukarie astrakan
17%
Nom du siège de la Compagnie néerlandaise des Indes orientales en Insulinde de 1619 à 1799 puis de la capitale des Indes néerlandaises de 1799 à 1942. Son nom actuel est Jakarta, capitale de la république d'Indonésie. Batavia
8%
Bouteille en verre conçue pour contenir l'équivalent de douze bouteilles de 75 cl, soit neuf litres salmanazar
2%
Aucun quiz correspondant
Distribution des résultats
% des personnes avec chaque résultat
Percentile par nombre de réponses
Votre historique - résultats
Vous n’avez pas pris ce quiz